000 00256nam a2200109Ia 4500
008 221009s9999 xx 000 0 und d
082 _a294/JAI
100 _aJain, Girilal
_915458
245 4 _aThe Hindu Phenomenon
260 _bUBS Publishers
942 _cBK
999 _c64818
_d64818